[Event "2024 Standard Chess Dropout Tournament, Round 1"]
[Site "SchemingMind.com"]
[Date "2024.01.07"]
[Round "1"]
[White "Michael76"]
[Black "edg"]
[Result "0-1"]
[WhiteCountry "ENG"]
[BlackCountry "USA"]
[WhiteElo "1478"]
[WhiteRD "105"]
[BlackElo "1614"]
[BlackRD "80"]
[GameID "741090"]

1. e4 e5 2. Nf3 d6 3. d4 exd4 4. Nxd4 Nf6 5. Nc3 Bd7 6. Bg5 Be7 7. Bc4 O-O 8. f4 Ng4 9. Bxe7 Qxe7 10. O-O Ne3
11. Qf3 Nxf1 12. Rxf1 Nc6 13. Ndb5 Be6 14. Bxe6 fxe6 15. Ne2 a6 16. Nbc3 Kh8 17. a3 Ne5 18. Qg3 Ng6 19. h4 Nxh4 20. Kf2 Ng6
21. Ke1 Qh4 22. Qxh4 Nxh4 23. g3 Ng6 24. b4 Rfe8 25. Nd1 Ne7 26. c4 Nc6 27. Nf2 b5 28. c5 dxc5 29. bxc5 Na5 30. Nc3 c6
31. Ke2 Nc4 32. Ra1 Rad8 33. Nd3 a5 34. e5 Rd7 35. a4 b4 36. Ne4 h6 37. g4 Rb8 38. Nd6 Nxd6 39. cxd6 Rdd8 40. Rc1 b3
41. Nb2 Rb6 42. Kd3 Kg8 43. Nc4 Ra6 44. Rb1 Rb8 45. Kc3 Kf8 46. Rxb3 Rxb3+ 47. Kxb3 Ke8 48. Kc3 Kd7 49. Kd4 g6 50. Kc5 h5
51. gxh5 gxh5 52. f5 exf5 53. Nb6+ Rxb6
0-1

[Event "2024 Standard Chess Dropout Tournament, Round 1"]
[Site "SchemingMind.com"]
[Date "2024.01.06"]
[Round "1"]
[White "mikewharvey"]
[Black "Greg Magne"]
[Result "1/2-1/2"]
[WhiteCountry "GBR"]
[BlackCountry "CAN"]
[WhiteElo "1838"]
[WhiteRD "112"]
[BlackElo "1799"]
[BlackRD "86"]
[GameID "741092"]

1. c4 e5 2. Nc3 f5 3. d4 exd4 4. Qxd4 Nc6 5. Qd3 d6 6. g3 Nf6 7. Bg2 Be7 8. Nf3 Be6 9. a3 Qd7 10. Nd5 O-O-O
11. b4 Ne5 12. Nxe7+ Qxe7 13. Nxe5 dxe5 14. Qe3 Qd6 15. O-O Qd4 16. Qxd4 Rxd4 17. c5 e4 18. e3 Rd3 19. Bb2 Rhd8 20. Bd4 Ne8
21. Rfc1 c6 22. Kf1 g6 23. Ke1 Rb3 24. Bf1 Nc7 25. Rcb1 Nb5 26. Bxb5 cxb5 27. Kf1 Bc4+ 28. Kg2 Kd7 29. Rxb3 Bxb3 30. Kf1 Ke6
31. Rb1 Bc4+ 32. Ke1 g5 33. Rc1 f4 34. a4 fxg3 35. hxg3 Rd7 36. a5 a6=
1/2-1/2

[Event "2024 Standard Chess Dropout Tournament, Round 1"]
[Site "SchemingMind.com"]
[Date "2024.01.08"]
[Round "1"]
[White "mmccaffe"]
[Black "Uzi Mike"]
[Result "0-1"]
[WhiteCountry "USA"]
[BlackCountry "USA"]
[WhiteElo "1787"]
[WhiteRD "62"]
[BlackElo "2246"]
[BlackRD "83"]
[GameID "741093"]

1. d4 Nf6 2. c4 e6 3. g3 c5 4. d5 exd5 5. cxd5 b5 6. e4 Nxe4 7. Bg2 Nd6 8. Bf4 Na6 9. Qe2+ Qe7 10. Bxd6 Qxe2+
11. Nxe2 Bxd6 12. Nbc3 Rb8 13. Ne4 Bf8 14. O-O f5 15. Ng5 Be7 16. h4 Bf6 17. d6 h6 18. Nh3 Bxb2 19. Rab1 Be5
0-1

[Event "2024 Standard Chess Dropout Tournament, Round 1"]
[Site "SchemingMind.com"]
[Date "2024.01.06"]
[Round "1"]
[White "Ninaner2"]
[Black "carra1971"]
[Result "0-1"]
[WhiteCountry "NED"]
[BlackCountry "CUB"]
[WhiteElo "2385"]
[WhiteRD "97"]
[BlackElo "2519"]
[BlackRD "104"]
[GameID "741094"]

1. d4 Nf6 2. c4 e6 3. Nf3 d5 4. Nc3 c6 5. e4 dxe4 6. Ne5 c5 7. Be3 cxd4 8. Bxd4 Be7 9. g3 O-O 10. Bg2 Qc7
11. O-O Rd8 12. Nb5 Qa5 13. Bc3 Rxd1 14. Bxa5 Rxf1+ 15. Kxf1 Nbd7 16. Bc3 Nxe5 17. Bxe5 Ng4 18. Nc7 Rb8 19. Na6 Nxe5 20. Nxb8 f5
21. c5 Kf8 22. Rd1 Ke8 23. Rd2 a5 24. Rc2 g5 25. c6 Bd6 26. c7 Ke7 27. Ke2 g4 28. a3 a4 29. Kd1 h5 30. h3 Nf3
31. Rc4 e5 32. Bf1 Ng5 33. hxg4 hxg4 34. Ke1 Ne6 35. Rxa4 Nxc7 36. b3 Kd8 37. Bc4 b5 38. Ra5 bxc4 39. bxc4 Bd7 40. Kd1 Be8
41. a4 f4
0-1

[Event "2024 Standard Chess Dropout Tournament, Round 1"]
[Site "SchemingMind.com"]
[Date "2024.01.08"]
[Round "1"]
[White "NYNH"]
[Black "Andreas Flato"]
[Result "1-0"]
[WhiteCountry "USA"]
[BlackCountry "GER"]
[WhiteElo "2016"]
[WhiteRD "97"]
[BlackElo "1874"]
[BlackRD "128"]
[GameID "741095"]

1. c4 e5 2. Nc3 Nf6 3. g3 Be7 4. Bg2 O-O 5. Nf3 d6 6. d4 exd4 7. Nxd4 Bd7 8. Bxb7 c5 9. Bxa8 cxd4 10. Qxd4 Bc6
11. Bxc6 Nxc6 12. Qd1 Qa8 13. O-O Ne5 14. b3 Rd8 15. Bb2 d5 16. Nxd5 Nxd5 17. cxd5 Rxd5 18. Qc2 Rc5 19. Qb1 Bf6 20. Rc1 Rd5
21. Rd1 Rxd1+ 22. Qxd1 Nf3+ 23. exf3 Bxb2 24. Rb1 Bf6 25. Rc1 g6 26. Rc7 Be5 27. Rd7 Kg7 28. Qd5 Qe8 29. Rxa7
1-0

[Event "2024 Standard Chess Dropout Tournament, Round 1"]
[Site "SchemingMind.com"]
[Date "2024.01.11"]
[Round "1"]
[White "Thomas Meehan"]
[Black "Clive Everill"]
[Result "0-1"]
[WhiteCountry "ENG"]
[BlackCountry "CZE"]
[WhiteElo "1512"]
[WhiteRD "139"]
[BlackElo "1681"]
[BlackRD "55"]
[GameID "741096"]

1. c4 d5 2. cxd5 Qxd5 3. Nc3 Qd8 4. Nf3 e6 5. d4 Bb4 6. e4 b6 7. d5 exd5 8. Qxd5 Qxd5 9. exd5 Nf6 10. Bd2 Bb7
11. Bc4 Nbd7 12. O-O O-O 13. a3 Bd6 14. Nb5 Bxd5 15. Bxd5 Nxd5 16. Nxd6 cxd6 17. Bb4 Nxb4 18. axb4 Rfc8 19. Rac1 b5 20. Rxc8+ Rxc8
21. Nd4 a6 22. Nf5 Rc2 23. Re1 h6 24. h3 Rxb2 25. Re8+ Kh7 26. Nxd6 Rxb4 27. Nxf7 a5 28. h4 Rxh4 29. g3 Ra4 30. f4 b4
31. g4 b3 32. f5 Rxg4+ 33. Kh2 g5 34. Re7 Rh4+ 35. Kg3 b2 36. Nxg5+ Kg8 37. Kxh4 hxg5+ 38. Kxg5 b1=Q 39. Rxd7 Qg1+ 40. Kf6 Qb6+
41. Ke7 Qc5+ 42. Ke6 Qc6+ 43. Rd6= Qe8+ 44. Kd5 a4 45. Re6 Qb5+ 46. Ke4 Kf7 47. Re5 Qc4+ 48. Kf3 Kf6 49. Re4 Qf1+ 50. Ke3 Qxf5
51. Rxa4 Qh3+ 52. Ke2 Qg2+ 53. Ke1 Qg1+ 54. Kd2 Qg5+ 55. Kc3 Qc1+ 56. Kb4 Ke5 57. Kb5 Kd5 58. Kb4 Qc5+ 59. Kb3 Qb5+ 60. Rb4 Qd3+
61. Ka4 Qc2+ 62. Ka5 Kc6 63. Rb6+ Kc7 64. Rb4 Qc5+ 65. Rb5 Qa3#
0-1

[Event "2024 Standard Chess Dropout Tournament, Round 1"]
[Site "SchemingMind.com"]
[Date "2024.01.06"]
[Round "1"]
[White "P Pettersson"]
[Black "Wojtek26"]
[Result "0-1"]
[WhiteCountry "SWE"]
[BlackCountry "POL"]
[WhiteElo "1343"]
[WhiteRD "141"]
[BlackElo "1593"]
[BlackRD "75"]
[GameID "741097"]

1. c4 e6 2. Nf3 d5 3. g3 c5 4. Bg2 Nf6 5. O-O Be7 6. d4 dxc4 7. Qa4+ Nc6 8. dxc5 Bxc5 9. Qxc4 Bb6 10. Nc3 Bd7
11. Bg5 Rc8 12. Rfd1 Nd4 13. Qb4 Nc2 14. Qd6 Nxa1 15. Rxa1 Bc5 16. Qd3 O-O 17. Rd1 Bc6 18. Nd4 Bxg2 19. Kxg2 Bxd4 20. Qxd4 Qxd4
21. Rxd4 a6 22. e4 h6 23. Bf4 Rfd8 24. Rd6 Rxd6 25. Bxd6 Rc6 26. e5 Nd5 27. Ne4 Nb6 28. Nc5 Nc4 29. Nxb7 Rb6 30. b3 Nxd6
31. Nxd6 Kf8 32. f4 Rc6 33. a4 Ke7 34. Nc4 Kd7 35. h4 Rxc4 36. bxc4 Kc6 37. Kf3 Kc5 38. Ke4 Kxc4 39. a5 Kb5 40. h5 Kxa5
41. f5 exf5+ 42. Kxf5 Kb4 43. e6 fxe6+ 44. Kxe6 a5 45. Kf7 a4 46. Kxg7 a3 47. g4 a2 48. Kxh6 a1=Q 49. g5 Qh8+ 50. Kg6 Kc5
51. h6 Kd6 52. Kf5 Ke7 53. Kg4 Kf7 54. Kf5 Qh7+ 55. g6+ Qxg6+ 56. Ke5 Qxh6 57. Kf5 Qh5+ 58. Kf4 Ke6 59. Ke4 Qg4+ 60. Ke3 Kd5
61. Kd2 Qf3 62. Kc1 Qe2 63. Kb1 Kc4 64. Ka1 Kb3 65. Kb1 Qf1#
0-1

[Event "2024 Standard Chess Dropout Tournament, Round 1"]
[Site "SchemingMind.com"]
[Date "2024.01.07"]
[Round "1"]
[White "palberto1963"]
[Black "Geoffrey Rosser"]
[Result "1-0"]
[WhiteCountry "ESP"]
[BlackCountry "ENG"]
[WhiteElo "2542"]
[WhiteRD "87"]
[BlackElo "1896"]
[BlackRD "64"]
[GameID "741098"]

1. d4 Nf6 2. c4 g6 3. Nc3 d5 4. cxd5 Nxd5 5. e4 Nxc3 6. bxc3 Bg7 7. Nf3 c5 8. Rb1 cxd4 9. Bb5+ Nc6 10. cxd4 O-O
11. d5 Ne5 12. Nxe5 Bxe5 13. O-O Qd6 14. f4 Qc5+ 15. Kh1 Bg7 16. Rb3 Qd4 17. Qf3 Qc5 18. Ba3 Qc7 19. e5 a6 20. Bd3 b5
21. d6 Qa7 22. dxe7 Re8 23. f5 Bxe5 24. fxg6 Rxe7 25. Bxe7 Qxe7 26. gxf7+ Kf8 27. Qxa8
1-0

[Event "2024 Standard Chess Dropout Tournament, Round 1"]
[Site "SchemingMind.com"]
[Date "2024.01.07"]
[Round "1"]
[White "pawngrabber"]
[Black "jvdm"]
[Result "1-0"]
[WhiteCountry "ENG"]
[BlackCountry "SUI"]
[WhiteElo "1789"]
[WhiteRD "60"]
[BlackElo "1397"]
[BlackRD "99"]
[GameID "741099"]

1. d4 d5 2. c4 Nf6 3. Nc3 c6 4. Nf3 Bf5 5. e3 e6 6. cxd5 cxd5 7. Be2 Nc6 8. O-O Be7 9. Nh4 O-O 10. Nxf5 exf5
11. a3 Rc8 12. Bd3 Qd7 13. Qc2 Bd6 14. Bxf5 Qe7 15. Bxc8 Rxc8 16. Qe2 Re8 17. b4 Qc7 18. g3 Nxd4 19. Qd3 Nf5 20. Bb2 Qd7
21. Nxd5 Nxd5 22. Qxd5 g6 23. Rad1 Qc6 24. Qxc6 bxc6 25. g4 Be5 26. Bxe5 Nxe3 27. fxe3 Rxe5 28. Rd7 Rg5 29. Rfxf7 Rd5 30. Rxa7 Rd8
31. Rxh7 Rf8 32. Rag7#
1-0

[Event "2024 Standard Chess Dropout Tournament, Round 1"]
[Site "SchemingMind.com"]
[Date "2024.01.08"]
[Round "1"]
[White "peeuukoo"]
[Black "Erik Johnson"]
[Result "1-0"]
[WhiteCountry "FIN"]
[BlackCountry "USA"]
[WhiteElo "1822"]
[WhiteRD "101"]
[BlackElo "1766"]
[BlackRD "77"]
[GameID "741100"]

1. d4 Nf6 2. c4 g6 3. Nc3 Bg7 4. Nf3 d6 5. e4 O-O 6. Be2 e5 7. d5 a5 8. a4 Na6 9. Bg5 Nc5 10. Nd2 h6
11. Be3 b6 12. O-O Bb7 13. h3 c6 14. Qc2 cxd5 15. Bxc5 bxc5 16. exd5 Ba6 17. Nb5 Ne8 18. Ra3 Nc7 19. Bd3 f5 20. f3 Bb7
21. Be2 Na6 22. Kh2 Nb4 23. Qc1 f4 24. Qb1 g5 25. Ne4 Ra6 26. Qc1 Kf7 27. Qb1 Bc8 28. Rd1 Rh8 29. Rh1 Bf6 30. Nbc3 h5
31. Kg1 g4 32. hxg4 hxg4 33. Rxh8 Qxh8 34. fxg4 Qh4 35. Nf2 Qh8 36. Nce4 Bh4 37. Rh3 Bxf2+ 38. Kxf2 Qg7 39. Nxd6+ Rxd6 40. Rh7
1-0

[Event "2024 Standard Chess Dropout Tournament, Round 1"]
[Site "SchemingMind.com"]
[Date "2024.01.11"]
[Round "1"]
[White "Dan Geana"]
[Black "TigerFeet"]
[Result "1-0"]
[WhiteCountry "ROU"]
[BlackCountry "ENG"]
[WhiteElo "2602"]
[WhiteRD "119"]
[BlackElo "2103"]
[BlackRD "77"]
[GameID "741101"]

1. e4 c5 2. Nc3 Nc6 3. Nf3 e5 4. Bc4 Be7 5. d3 d6 6. Nd2 Nf6 7. Nf1 Bg4 8. f3 Be6 9. Ne3 O-O 10. O-O Rb8
11. a4 Nh5 12. Ncd5 Bg5 13. g3 Bxe3+ 14. Bxe3 Nf6 15. Bg5 h6 16. Nxf6+ gxf6 17. Bxh6 Re8 18. f4 Kh7 19. Qh5 Rh8 20. Bxe6 fxe6
21. f5 Qe8 22. Qh4 Qf7 23. fxe6 Qxe6 24. Rxf6
1-0

[Event "2024 Standard Chess Dropout Tournament, Round 1"]
[Site "SchemingMind.com"]
[Date "2024.01.11"]
[Round "1"]
[White "pmdpsp"]
[Black "echecs"]
[Result "0-1"]
[WhiteCountry "GER"]
[BlackCountry "ENG"]
[WhiteElo "1636"]
[WhiteRD "76"]
[BlackElo "1766"]
[BlackRD "97"]
[GameID "741102"]

1. g4 d5 2. Bg2 c6 3. h3 e5 4. d3 Be7 5. Nf3 Nd7 6. Nc3 Ngf6 7. Bg5 O-O 8. Qd2 h6 9. Bh4 Nh7 10. Bg3 f6
11. O-O-O a6 12. Nh4 Bb4 13. a3 Ba5 14. b4 Bc7 15. Nf5 Nb6 16. e4 d4 17. Na2 Be6 18. Kb1 Na4 19. h4 Bxa2+ 20. Kxa2 Nc3+
21. Kb2 Nxd1+ 22. Rxd1 a5 23. f4 axb4 24. g5 bxa3+ 25. Ka2 exf4 26. Bxf4 Bxf4 27. Qxf4 fxg5 28. hxg5 Qxg5 29. Qxg5 Nxg5 30. Rd2 c5
31. Ne7+ Kh7 32. Nf5 Ra7 33. Bf1 b5 34. Rf2 b4 35. Be2 Rf6 36. Bd1 Re7 37. Rf4 Re5 38. Kb3 Ne6 39. Rh4 g5 40. Rh1 Nf4
41. Bg4 Ng2 42. Rf1 Kg6 43. Rh1 Nh4 44. Nxh4+ gxh4 45. Bf5+ Kh5 46. Rg1 Rfxf5 47. exf5 Rxf5 48. Kc4 h3 49. Kb3 Kh4
0-1

[Event "2024 Standard Chess Dropout Tournament, Round 1"]
[Site "SchemingMind.com"]
[Date "2024.01.11"]
[Round "1"]
[White "pnwmusichound"]
[Black "Wolli"]
[Result "1-0"]
[WhiteCountry "USA"]
[BlackCountry "GER"]
[WhiteElo "1848"]
[WhiteRD "115"]
[BlackElo "1604"]
[BlackRD "109"]
[GameID "741103"]

1. e4 d6 2. Nc3 Nf6 3. f4 Nc6 4. d4 g6 5. d5 Nb8 6. Nf3 Bg7 7. e5 dxe5 8. fxe5 Ng4 9. Bf4 O-O 10. h3 Nh6
11. Qd2 Nf5 12. g4 Nd6 13. exd6 exd6 14. O-O-O Nd7 15. g5 Nc5 16. h4 Bf5 17. Be2 Bxc3 18. Qxc3 Ne4 19. Qd4 Ng3 20. Bxg3 Re8
21. Bd3 Bxd3 22. Qxd3
1-0

[Event "2024 Standard Chess Dropout Tournament, Round 1"]
[Site "SchemingMind.com"]
[Date "2024.01.11"]
[Round "1"]
[White "pompey"]
[Black "palberto1963"]
[Result "1/2-1/2"]
[WhiteCountry "ENG"]
[BlackCountry "ESP"]
[WhiteElo "2508"]
[WhiteRD "111"]
[BlackElo "2534"]
[BlackRD "93"]
[GameID "741104"]

1. e4 c5 2. Nf3 d6 3. d4 cxd4 4. Nxd4 Nf6 5. Nc3 a6 6. Be3 e5 7. Nf3 Be7 8. Bc4 O-O 9. O-O Nc6 10. Re1 Be6
11. Bf1 d5 12. Nxd5 Nxd5 13. exd5 Bxd5 14. a4 Rc8 15. a5 Nxa5 16. Nxe5 Nc6 17. Nd3 Bd6 18. Bf4 Bc4 19. Ra4 Bxd3 20. Bxd3 Bxf4
21. Rxf4 g6 22. g3 Qd6 23. Rfe4 Rfd8 24. h4 h5 25. c3 Rc7 26. R1e3 Kg7 27. Qa1 Rdd7 28. Kg2 f6 29. Re6 Qd5+ 30. Kh2 Rd6
31. Bc4 Qd1 32. Qxd1 Rxd1 33. Re2 b5 34. Bb3 Rd8 35. Bc2 Kf7 36. b4 Rdd7 37. Kg2 Ne5 38. Rxa6 Rxc3 39. Rb6 Nc6 40. Be4 Nxb4
41. Rxb5 Rc4 42. Bb1 Rcd4 43. Ba2+ Kg7 44. Rb8 Nxa2 45. Rxa2 f5 46. Rb6 R4d6 47. Rb4=
1/2-1/2

[Event "2024 Standard Chess Dropout Tournament, Round 1"]
[Site "SchemingMind.com"]
[Date "2024.01.06"]
[Round "1"]
[White "ray winteringham"]
[Black "Michael76"]
[Result "0-1"]
[WhiteCountry "ENG"]
[BlackCountry "ENG"]
[WhiteElo "1434"]
[WhiteRD "45"]
[BlackElo "1507"]
[BlackRD "121"]
[GameID "741105"]

1. c4 e5 2. Nc3 Nf6 3. Nf3 Nc6 4. g3 Be7 5. Bg2 e4 6. Ng5 O-O 7. Ngxe4 Ng4 8. e3 f5 9. f3 Nge5 10. b3 fxe4
11. fxe4 Nb4 12. Qc2 Nxc2+
0-1

[Event "2024 Standard Chess Dropout Tournament, Round 1"]
[Site "SchemingMind.com"]
[Date "2024.01.06"]
[Round "1"]
[White "Raymond de Kemp"]
[Black "Chesswitchery"]
[Result "1-0"]
[WhiteCountry "NED"]
[BlackCountry "USA"]
[WhiteElo "1848"]
[WhiteRD "67"]
[BlackElo "1565"]
[BlackRD "57"]
[GameID "741106"]

1. d4 d5 2. Bf4 e6 3. Nf3 Bd6 4. Bg3 Bxg3 5. hxg3 c5 6. c3 Qb6 7. Qc2 Nf6 8. dxc5 Qxc5 9. Nbd2 Nc6 10. e3 O-O
11. g4 e5 12. g5 Ne4 13. Nxe4 dxe4 14. Qxe4 Be6 15. Qxh7#
1-0

[Event "2024 Standard Chess Dropout Tournament, Round 1"]
[Site "SchemingMind.com"]
[Date "2024.01.06"]
[Round "1"]
[White "Robert Hatfield"]
[Black "mikewharvey"]
[Result "0-1"]
[WhiteCountry "USA"]
[BlackCountry "GBR"]
[WhiteElo "1738"]
[WhiteRD "63"]
[BlackElo "1838"]
[BlackRD "112"]
[GameID "741107"]

1. e4 Nf6 2. e5 Nd5 3. c4 Nb6 4. d4 d6 5. f4 g6 6. Nc3 Bg7 7. Nf3 O-O 8. Be3 Be6 9. b3 Na6 10. Be2 c6
11. Qd2 Bf5 12. O-O Nc7 13. Bf2 f6 14. Rad1 d5 15. c5 Nd7 16. Nh4 Be6 17. g4 f5 18. gxf5 gxf5 19. Ng2 b6 20. b4 Qe8
21. Nh4 Kh8 22. Kh1 Bg8 23. Rg1 e6 24. Rxg7 Kxg7 25. Rg1+ Kh8 26. Rg5 Bf7 27. Nd1 Rg8 28. Nf3 h6 29. Rxg8+ Qxg8 30. Bh4 Nf8
31. Bf6+ Kh7 32. Nh4 Ng6 33. Bh5 Nxh4 34. Bxf7 Qxf7 35. Bxh4 Rg8 36. Qf2 Qh5 37. Ne3 Nb5
0-1

[Event "2024 Standard Chess Dropout Tournament, Round 1"]
[Site "SchemingMind.com"]
[Date "2024.01.09"]
[Round "1"]
[White "Rommel85"]
[Black "Derek Price"]
[Result "1/2-1/2"]
[WhiteCountry "CUB"]
[BlackCountry "ENG"]
[WhiteElo "2527"]
[WhiteRD "74"]
[BlackElo "2379"]
[BlackRD "72"]
[GameID "741108"]

1. e4 c5 2. Nf3 d6 3. Nc3 a6 4. d4 cxd4 5. Nxd4 Nf6 6. Be3 e5 7. Nb3 Be6 8. f3 h5 9. Qd2 Nbd7 10. O-O-O Be7
11. h3 b5 12. Kb1 h4 13. a3 Qc7 14. Nd5 Bxd5 15. exd5 Nb6 16. Bxb6 Qxb6 17. Na5 Nh5 18. Bd3 O-O 19. Nc6 Bf6 20. Qb4 Qc7
21. Qd2 Nf4 22. c4 bxc4 23. Bxc4 g6 24. Rc1 Bg5 25. Qc3 Rfe8 26. Rc2 Qd7 27. Re1 Kg7 28. Ka2 f5 29. a4 Kh6 30. a5 Qf7
31. Qa3 Qd7 32. Rd1 Bf6 33. Qe3 Bg5 34. Qg1 Nh5 35. Qb6 Bd8 36. Qe3+ Bg5 37. Qb6 Bd8 38. Qe3+=
1/2-1/2

[Event "2024 Standard Chess Dropout Tournament, Round 1"]
[Site "SchemingMind.com"]
[Date "2024.01.07"]
[Round "1"]
[White "ROYALSPUR"]
[Black "Arthur Wilding"]
[Result "1-0"]
[WhiteCountry "PER"]
[BlackCountry "WLS"]
[WhiteElo "1075"]
[WhiteRD "112"]
[BlackElo "1102"]
[BlackRD "64"]
[GameID "741109"]

1. e4 e6 2. Bc4 Nf6 3. Nc3 d5 4. exd5 exd5 5. Bb5+ c6 6. Ba4 a6 7. h3 Bb4 8. a3 b5 9. axb4 bxa4 10. Nxa4 Qe7+
11. Ne2 O-O 12. Nb6 Ra7 13. Nxc8 Rxc8 14. c3 Nbd7 15. O-O Qd6 16. d4 Nb6 17. g3 Qd7 18. Nf4 Ne4 19. g4 h6 20. Re1 Ng5
21. Qd3 Re8 22. Rxe8+ Qxe8 23. Nh5 Qe1+ 24. Kg2 Ne4 25. Qc2 Nd7 26. Be3 Nb6 27. Rxe1 Nc4 28. Ng3 Nxg3 29. Kxg3 Nxe3 30. Rxe3 a5
31. Re8#
1-0

[Event "2024 Standard Chess Dropout Tournament, Round 1"]
[Site "SchemingMind.com"]
[Date "2024.01.11"]
[Round "1"]
[White "slotheman"]
[Black "dpickin"]
[Result "0-1"]
[WhiteCountry "USA"]
[BlackCountry "ENG"]
[WhiteElo "1531"]
[WhiteRD "126"]
[BlackElo "1580"]
[BlackRD "68"]
[GameID "741110"]

1. Nf3 Nf6 2. c4 e6 3. Nc3 Bb4 4. Qc2 O-O 5. a3 Be7 6. g3 d5 7. d3 d4 8. Nb5 c5 9. Bf4 Nc6 10. Ne5 a6
11. Nxc6 bxc6 12. Nc7 Ra7 13. Bg2 Bd6 14. Nxe6 Bxe6 15. Bxc6 Bxf4 16. gxf4 Qd6 17. f5 Qxc6 18. O-O Bxf5 19. Rfe1 Bh3 20. f3 Ng4
21. e4 Ne5 22. Kf2 Qf6 23. Qe2 Ng4+ 24. Kg3 Ne3 25. Kxh3 Qf4 26. Rg1 Re7 27. Rg3 Re6 28. Rag1 Rh6#
0-1

[Event "2024 Standard Chess Dropout Tournament, Round 1"]
[Site "SchemingMind.com"]
[Date "2024.01.09"]
[Round "1"]
[White "spoke"]
[Black "Abstract Actuary"]
[Result "0-1"]
[WhiteCountry "GER"]
[BlackCountry "USA"]
[WhiteElo "1766"]
[WhiteRD "68"]
[BlackElo "1899"]
[BlackRD "88"]
[GameID "741111"]

1. e4 e6 2. d4 d5 3. Nd2 dxe4 4. Nxe4 Bd7 5. Nf3 Bc6 6. Bd3 Nd7 7. O-O h6 8. Re1 Ngf6 9. Ne5 Nxe5 10. Nxf6+ Qxf6
11. dxe5 Qh4 12. Qe2 Bc5 13. Be3 Bxe3 14. Qxe3 O-O 15. Be4 Qxe4 16. Qxe4 Bxe4 17. Rxe4 Rfd8 18. Ree1 Rd2 19. Rac1 Rad8 20. Kf1 R8d5
21. f4 R5d4
0-1

[Event "2024 Standard Chess Dropout Tournament, Round 1"]
[Site "SchemingMind.com"]
[Date "2024.01.06"]
[Round "1"]
[White "surfnsuds"]
[Black "wight knight"]
[Result "1-0"]
[WhiteCountry "USA"]
[BlackCountry "ENG"]
[WhiteElo "1260"]
[WhiteRD "101"]
[BlackElo "1213"]
[BlackRD "61"]
[GameID "741112"]

1. d4 Nc6 2. e4 a5 3. Nf3 f6 4. d5 Ne5 5. Nc3 b6 6. Bb5 c6 7. dxc6 dxc6 8. Bxc6+ Bd7 9. Bxa8 Qxa8 10. Nxe5 fxe5
11. Qh5+ g6 12. Qxe5 Nf6 13. Bg5 Bg7 14. Nd5 O-O 15. Qxe7 h6 16. Nxf6+ Bxf6 17. Qxd7 Bxg5 18. Qe6+ Kh8 19. Qxg6 Qc8 20. h4 Rg8
21. Qxb6 Qxc2 22. hxg5 Qxe4+ 23. Kf1 Qc4+ 24. Kg1 Rxg5 25. Qxh6+ Kg8 26. Qxg5+ Kf8 27. Rh8+ Kf7 28. Qg8+
1-0

[Event "2024 Standard Chess Dropout Tournament, Round 1"]
[Site "SchemingMind.com"]
[Date "2024.01.07"]
[Round "1"]
[White "TigerFeet"]
[Black "Brennan Price"]
[Result "1/2-1/2"]
[WhiteCountry "ENG"]
[BlackCountry "USA"]
[WhiteElo "2121"]
[WhiteRD "83"]
[BlackElo "2131"]
[BlackRD "138"]
[GameID "741113"]

1. e4 e5 2. Bc4 Nf6 3. d3 c6 4. Nf3 d5 5. Bb3 Bd6 6. Nc3 d4 7. Ne2 O-O 8. O-O c5 9. Ng3 Be6 10. Ng5 Bxb3
11. axb3 g6 12. Nh3 Nc6 13. Bg5 a5 14. f4 exf4 15. Nxf4 Be7 16. Bh6 Re8 17. h3 Ne5 18. Qd2 b5 19. c4 dxc3 20. bxc3 b4
21. c4 a4 22. Qb2 Bd6 23. Rxa4 Rxa4 24. bxa4 Nfd7 25. Qd2 Nc6 26. Qf2 Nd4 27. Nxg6 Qf6 28. Qxf6 Nxf6 29. e5 hxg6 30. exd6 Nd7
31. Ra1 f5 32. Kf2 Kf7 33. Bf4 Ne6 34. Ne2 g5 35. Bh2 f4 36. g3 Ne5 37. Rd1 f3 38. Nc1 g4 39. h4 Nd4 40. Rd2 Ke6
41. Bg1 Kxd6 42. Kf1 Nf5 43. Bf2 Nc6 44. Nb3 Nfd4 45. Bxd4 Nxd4 46. Nc1 Kc7 47. Na2 Re2 48. Rxe2 fxe2+ 49. Ke1 b3 50. Nc3 Kb6
51. h5 Nf5 52. Nxe2 Nxg3 53. h6 Nxe2 54. Kxe2 b2 55. h7 b1=Q 56. h8=Q Qc2+ 57. Ke3 Qxa4 58. Qb8+ Ka5 59. Qc7+ Kb4 60. Qb6+ Kc3
61. Qxc5 Qe8+ 62. Kf4 Kxd3 63. Qd5+ Kc3 64. c5 Kb4 65. Kxg4 Qc8+=
1/2-1/2

[Event "2024 Standard Chess Dropout Tournament, Round 1"]
[Site "SchemingMind.com"]
[Date "2024.01.11"]
[Round "1"]
[White "trazadora"]
[Black "Rommel85"]
[Result "1/2-1/2"]
[WhiteCountry "CUB"]
[BlackCountry "CUB"]
[WhiteElo "2544"]
[WhiteRD "89"]
[BlackElo "2527"]
[BlackRD "77"]
[GameID "741114"]

1. c4 Nf6 2. Nc3 e6 3. Nf3 Bb4 4. Qc2 O-O 5. a3 Bxc3 6. Qxc3 d6 7. d3 e5 8. e3 a5 9. b3 c5 10. Be2 Re8
11. h3 d5 12. cxd5 Qxd5 13. O-O b6 14. Bb2 Nc6 15. Rfd1 Ba6 16. Rac1 h6 17. Nd2 Bb7 18. Bf3 Qd7 19. Kh1 Rad8 20. Nc4 Qc7
21. Qe1 Nh7 22. Bg4 Bc8 23. Be2 Bf5 24. Bc3 Be6 25. b4 axb4 26. axb4 Bxc4 27. dxc4 Rxd1 28. Rxd1 cxb4 29. Bxb4 Nxb4 30. Qxb4 Rd8
31. Rb1 Nf6 32. Kg1=
1/2-1/2

[Event "2024 Standard Chess Dropout Tournament, Round 1"]
[Site "SchemingMind.com"]
[Date "2024.01.11"]
[Round "1"]
[White "Udo Sprang"]
[Black "lawyertheologian"]
[Result "0-1"]
[WhiteCountry "NED"]
[BlackCountry "USA"]
[WhiteElo "2054"]
[WhiteRD "108"]
[BlackElo "2098"]
[BlackRD "90"]
[GameID "741115"]

1. e4 Nf6 2. e5 Nd5 3. d4 d6 4. c4 Nb6 5. exd6 cxd6 6. Nc3 g6 7. Be3 Bg7 8. Nf3 O-O 9. Qd2 d5 10. c5 Nc4
11. Bxc4 dxc4 12. Rc1 Nc6 13. h3 Bf5 14. O-O Bd3 15. Ne2 e5 16. dxe5 Nxe5 17. Ne1 Be4 18. Qb4 Qe7 19. f4 Nd3 20. Nxd3 Bxd3
21. Qd2 Rad8 22. Rce1 Rfe8 23. Kf2 Qh4+ 24. Kg1 Bxe2 25. Qxe2 Rxe3 26. Qg4= Qxg4 27. hxg4 Rxe1 28. Rxe1 Bxb2 29. Rb1 c3
0-1

[Event "2024 Standard Chess Dropout Tournament, Round 1"]
[Site "SchemingMind.com"]
[Date "2024.01.11"]
[Round "1"]
[White "Uzi Mike"]
[Black "eliecercruzr"]
[Result "1/2-1/2"]
[WhiteCountry "USA"]
[BlackCountry "CUB"]
[WhiteElo "2246"]
[WhiteRD "83"]
[BlackElo "2313"]
[BlackRD "60"]
[GameID "741116"]

1. d4 Nf6 2. Nf3 e6 3. c4 d5 4. Nc3 Be7 5. Bg5 O-O 6. Rc1 b6 7. cxd5 Nxd5 8. Bxe7 Qxe7 9. Nxd5 exd5 10. Qc2 Na6
11. e3 c5 12. dxc5 bxc5 13. Be2 d4 14. O-O dxe3 15. Bd3 Nb4 16. Bxh7+ Kh8 17. Qe4 Re8 18. Qxe7 Rxe7 19. Bb1 e2 20. Rfe1 Ba6
21. a3 Nd5 22. Rxc5 Rd8 23. g3 g6 24. Bc2 Kg7 25. Ra5 Nc7 26. Ba4=
1/2-1/2

[Event "2024 Standard Chess Dropout Tournament, Round 1"]
[Site "SchemingMind.com"]
[Date "2024.01.07"]
[Round "1"]
[White "wight knight"]
[Black "Ninaner2"]
[Result "0-1"]
[WhiteCountry "ENG"]
[BlackCountry "NED"]
[WhiteElo "1234"]
[WhiteRD "56"]
[BlackElo "2411"]
[BlackRD "95"]
[GameID "741117"]

1. e4 c5 2. Bc4 e6 3. f4 d5 4. exd5 exd5 5. Bb5+ Nc6 6. Bxc6+ bxc6 7. b3 Bd6 8. Qe2+ Ne7 9. Ba3 O-O 10. g3 Nf5
11. Nf3 Re8 12. Ne5 Nd4 13. Qh5 g6 14. Kd1 gxh5 15. Nxc6 Nxc6 16. Nc3 d4 17. Nd5 Bg4+ 18. Kc1 Bf3 19. Nf6+ Qxf6
0-1